Normal view
MARC view
- Garden plants
Entry Topical Term
001 - CONTROL NUMBER
- control field: 119739
003 - CONTROL NUMBER IDENTIFIER
- control field: NUST
005 - DATE AND TIME OF LATEST TRANSACTION
- control field: 20231213161048.0
008 - FIXED-LENGTH DATA ELEMENTS
- fixed length control field: 231213|| aca||aabn | a|a d
040 ## - CATALOGING SOURCE
- Original cataloging agency: NUST
- Transcribing agency: NUST
150 ## - HEADING--TOPICAL TERM
- Topical term or geographic name entry element: Garden plants
670 ## - SOURCE DATA FOUND
- Source citation: Work cat.: (NUST): Mikolajski, Andrew; Edwards, Jonathan, 119738, An encyclopedia of garden plants & techniques : a comprehensive illustrated guide to creating your ideal garden/, 2005.
